000 00323nab a22001097u 4500
008 130520b1988 xxu||||| |||| 00| 0 spa d
041 _aspa
100 1 _aSiebel, W.
_967435
245 0 0 _aEl ejercicio del poder en la Iglesia actual
_cW. Siebel
773 0 _tConcilium
_gV.1,1988,págs.365-375
_x0210-1041
_wRev134
942 _cAR
999 _c355387
_d355387